Wszystkie słowa w języku toki pona - Statystyki

Ogólne statystyki
  • Ten quiz został rozwiązany 33 razy
  • Średni wynik to 10 z 137
Statystyki odpowiedzi
Słowo % Poprawnych
a
81%
o
78%
e
70%
n
59%
ma
33%
mi
22%
ko
19%
la
19%
ni
19%
pona
19%
toki
19%
ala
15%
en
15%
mama
15%
pi
15%
ken
11%
kin
11%
len
11%
li
11%
ona
11%
ale
7%
ike
7%
ilo
7%
kon
7%
ku
7%
linja
7%
mu
7%
oko
7%
sin
7%
su
7%
wawa
7%
akesi
4%
alasa
4%
anpa
4%
ante
4%
anu
4%
awen
4%
epiku
4%
esun
4%
ijo
4%
insa
4%
jaki
4%
jan
4%
jelo
4%
jo
4%
kala
4%
kalama
4%
kama
4%
kasi
4%
kepeken
4%
kijetesantakalu
4%
kili
4%
kipisi
4%
kiwen
4%
kule
4%
kute
4%
lanpan
4%
lape
4%
laso
4%
lawa
4%
leko
4%
lete
4%
lili
4%
lipu
4%
lon
4%
luka
4%
lukin
4%
lupa
4%
mani
4%
meli
4%
meso
4%
mije
4%
misikeke
4%
moku
4%
moli
4%
monsi
4%
monsuta
4%
mun
4%
musi
4%
mute
4%
namako
4%
nanpa
4%
nasa
4%
nasin
4%
nena
4%
nimi
4%
noka
4%
olin
4%
open
4%
pakala
4%
pali
4%
palisa
4%
pan
4%
pana
4%
pilin
4%
pimeja
4%
pini
4%
pipi
4%
poka
4%
poki
4%
pu
4%
sama
4%
seli
4%
selo
4%
seme
4%
sewi
4%
sike
4%
sina
4%
sinpin
4%
sitelen
4%
soko
4%
sona
4%
suli
4%
suno
4%
supa
4%
suwi
4%
tan
4%
taso
4%
tawa
4%
telo
4%
tenpo
4%
tomo
4%
tonsi
4%
tu
4%
unpa
4%
uta
4%
utala
4%
walo
4%
wan
4%
waso
4%
weka
4%
wile
4%
kulupu
0%
loje
0%
majuna
0%
silejo
0%
soweli
0%
Nie znaleziono quizów pasujących do podanych kryteriów
Rozkład punktacji
Procent ludzi z każdym wynikiem
Percentyl według liczby udzielonych odpowiedzi
Twoja historia wyników
Nie rozwiązałeś tego quizu